000 00324nam a22001217a 4500
008 180607b xxu||||| |||| 00| 0 eng d
041 _aeng
080 _a043.3
100 _a0
101 _aMBE-BTH
245 _aKarakteristikat e ndërmarrësit dhe ndikimi i tij në performancën e kompanisë
_cMusliu,S
942 _2udc
_cBK
999 _c46567
_d46567